| 000 | 00682cam a22002291 4500 | ||
|---|---|---|---|
| 001 | 515060 | ||
| 003 | BD-DhUL | ||
| 005 | 20160724113346.0 | ||
| 008 | 711124s1964 mau b 00010 eng | ||
| 010 | _a64015925 | ||
| 035 | _a515060 | ||
| 040 |
_aANL _beng _dANL _cBD-DhUL |
||
| 082 | 0 | 0 |
_a940.18 _bBRC |
| 245 | 1 | 4 |
_aThe Crusades : _bmotives and achievements / _cedited with an introd. by James A. Brundage. |
| 260 |
_aBoston : _bHeath, _c1964. |
||
| 300 |
_axiv, 89 p. ; _c24 cm. |
||
| 490 | 0 | _aProblems in European civilization | |
| 504 | _aIncludes bibliographical references. | ||
| 650 | 0 |
_aCrusades _xInfluence. |
|
| 700 | 1 |
_aBrundage, James A. _eed. |
|
| 942 |
_2ddc _cBK |
||
| 999 |
_c85915 _d85915 |
||